Las mipymes turísticas: cómo comercializar a través de la cooperación

Saved in:
Bibliographic Details
Main Author: Pérez Serrato, Judy Ximena (Author)
Format: Book
Language:Spanish
Published: Bogotá Universidad Externado de Colombia 2003
Edition:1a. ed
Subjects:
Tags: Add Tag
No Tags, Be the first to tag this record!

MARC

LEADER 00000nam a2200000 a 4500
001 UCG0766
003 CL-VaPUC
008 100408e20030000CK |||||||||||||||||spa|d
020 |a 9586167704 
082 0 4 |a 338.4791  |b PER  |2 21 
100 0 |a Pérez Serrato, Judy Ximena  |e author  |9 548296 
245 1 4 |a Las mipymes turísticas: cómo comercializar a través de la cooperación 
250 |a 1a. ed 
300 |a 129 p 
942 |c BK 
945 |d 20100408 00:00:00  |a rbrito 
260 |a Bogotá  |b Universidad Externado de Colombia  |c 2003 
600 0 7 |a PYMES  |2 CL-VaPUC  |9 518976 
650 0 |a Turismo  |9 308920 
650 0 |a Desarrollo turístico   |9 525699 
650 0 |a Marketing  |9 259324 
650 0 |a Industria turística  |9 347913 
583 |a last modification  |c 20130328 10:42:23  |k Rodrigo Vera 
999 |c 340290  |d 340288 
952 |0 0  |1 0  |4 0  |6 338_479100000000000_PER_2003  |7 0  |8 A  |9 434870  |a BIBING  |b BIBING  |d 2019-11-22  |i 4658825  |o 338.4791 PER 2003  |p 4658825  |r 2025-01-20  |w 2019-11-22  |y BK  |k GEO